| 000 | 00522cam a2200181ua 4500 | ||
|---|---|---|---|
| 001 | 2829 | ||
| 008 | 110909n ii |||gr||||Z||||||asm | ||
| 040 | _cMAIN | ||
| 082 | _a891.4512 | ||
| 100 | 1 |
_aSarmah, Arun, _eEditor. |
|
| 245 | 1 | 1 |
_aDershabasarar nirbachita asomiya natya sankalan (part -II) _ced. by Arun Sarmah |
| 250 | _a1st. | ||
| 260 |
_aGuahati: _bAssam natya sanmillan, _c2007. |
||
| 300 |
_a1683p: _c23cm. |
||
| 653 | _aAssamese drama | ||
| 653 | _aDershabasarar nirbachita asomiya natya sankalan | ||
| 942 | _cBK | ||
| 999 |
_c2678 _d2678 |
||